书目信息 |
| 题名: |
现代课程与教学论学程
|
|
| 作者: | 黄甫全 主编 | |
| 分册: | 下册 | |
| 出版信息: | 北京 人民教育出版社 2006.05 |
|
| 页数: | 17, 358-895页 | |
| 开本: | 23cm | |
| 丛书名: | ||
| 单 册: | ||
| 中图分类: | G423 | |
| 科图分类: | ||
| 主题词: | 课程--ke cheng--教学理论--高等教育--教材 | |
| 电子资源: | ||
| ISBN: | 7-107-19529-8 | |
| 000 | 00831nam0 2200229 450 | |
| 001 | 012007776892 | |
| 005 | 20070521105957.60 | |
| 010 | @a7-107-19529-8@dCNY40.60 | |
| 100 | @a20070316d2006 km y0chiy0120 ea | |
| 101 | 0 | @achi |
| 102 | @aCN@b110000 | |
| 105 | @ay z 000yy | |
| 200 | 1 | @a现代课程与教学论学程@Axian dai ke cheng yu jiao xue lun xue cheng@h下册@f黄甫全主编@Fhuang fu quan zhu bian |
| 210 | @a北京@c人民教育出版社@d2006.05 | |
| 215 | @a17, 358-895页@d23cm | |
| 300 | @a普通高等教育“十五”国家级规划教材 | |
| 330 | @a本书努力推进课程与教学论的深入整合,梳理出了课程与教学论的新内容体系。本册包括课程与教学过程、课程与教学美学两编内容。 | |
| 606 | 0 | @a课程@Ake cheng@x教学理论@x高等教育@x教材 |
| 690 | @aG423@v4 | |
| 701 | 0 | @a黄甫全@Ahuang fu quan@4主编 |
| 801 | 0 | @aCN@c20070521 |
| 905 | @a10447@dG423@eH825 | |
| 现代课程与教学论学程.下册/黄甫全主编.-北京:人民教育出版社,2006.05 |
| 17, 358-895页;23cm |
| 普通高等教育“十五”国家级规划教材 |
| ISBN 7-107-19529-8:CNY40.60 |
| 本书努力推进课程与教学论的深入整合,梳理出了课程与教学论的新内容体系。本册包括课程与教学过程、课程与教学美学两编内容。 |
| ● |
| 相关链接 |
|
|
|
正题名:现代课程与教学论学程
索取号:G423/H825
 
预约/预借
| 序号 | 登录号 | 条形码 | 馆藏地/架位号 | 状态 | 备注 |
| 1 | 237954 | 202379540 | 社科库409/409社科库 2排3列3层/ [索取号:G423/H825] | 在馆 | |
| 2 | 237955 | 202379559 | 社科库409/409社科库 2排3列3层/ [索取号:G423/H825] | 在馆 | |
| 3 | 237956 | 202379568 | 社科二线422/422社科库 32排1列1层/ [索取号:G423/H825] | 在馆 |